000 01653cam a2200409 i 4500
001 68888
003 Mx-PuUPA
005 20260428104257.0
008 250822s2015 mx a|||dr|||| 00| 0 spa d
020 _a9786072419322
020 _a9789687791760
_qde la colección El Barco de Vapor
040 _aMx-PuUPA
_bspa
_cMx-PuUPA
_dMx-PuUPA
_erda
041 1 _aspa
_hger
100 1 _aNöstlinger, Christine,
_d1936-2018
_910760
_eautor
240 1 0 _aAls mein vaterdie mutter der Anna lachs heiraten wollte.
_lEspañol
245 1 0 _aMi papá quiere casarse con tu mamá /
_cChristine Nöstlinger ; ilustraciones de Erica Salcedo ; traducción de Alejandra Freund
250 _aPrimera edición
264 1 _aCiudad de México :
_bSM de Ediciones,
_c2015
300 _a184 páginas :
_bilustraciones (en blanco y negro) ;
_c19 cm
336 _2rdacontent
_atexto
_btxt
337 _2rdamedia
_asin medio
_bn
338 _2rdacarrier
_avolumen
_bnc
490 1 _aEl barco de vapor. Roja ;
_v68 M
500 _aReimpresiones: (Segunda, 2017).
521 1 _a12+
650 7 _2armarc
_aLiteratura alemana
650 7 _2armarc
_aConflictos familiares
_xLiteratura infantil
650 7 _2armarc
_aProblemas emocionales de los niños
_xLiteratura infantil
700 1 _aSalcedo, Erica,
_eilustrador
700 1 _aFreund, Alejandra,
_etraductor
765 0 _aNöstlinger, Christine, 1936-2018
_tAls mein vaterdie mutter der Anna lachs heiraten wollte.
830 3 _aEl barco de vapor
_pRoja
_v68
942 _2ddc
_cLI
_h833
_iB2668
999 _c68888
_d68888